Труды Ленинградского геологического управления (Запись № 2647539)

Подробности
000 -МАРКЕР
контрольное поле 08651nas1a22006251i 4500
001 - ИДЕНТИФИКАТОР ЗАПИСИ
контрольное поле RU\NLR\INFOCOMM19\1000057420
005 - ИДЕНТИФИКАТОР ВЕРСИИ
контрольное поле 20240726040854.0
035 ## - ДРУГИЕ СИСТЕМНЫЕ НОМЕРА
Идентификатор записи (NLR Aleph) 002507329
100 ## - ДАННЫЕ ОБЩЕЙ ОБРАБОТКИ
Данные общей обработки 20040412b19321941|||y0rusy50 ca
101 0# - ЯЗЫК РЕСУРСА
Язык текста, звукозаписи и т.д. русский
102 ## - СТРАНА ПУБЛИКАЦИИ ИЛИ ПРОИЗВОДСТВА
Страна публикации российская федерация
110 ## - ПОЛЕ КОДИРОВАННЫХ ДАННЫХ: ПРОДОЛЖАЮЩИЕСЯ РЕСУРСЫ
Кодированные данные продолжающегося ресурса zyu||||0|y0
200 1# - ЗАГЛАВИЕ И СВЕДЕНИЯ ОБ ОТВЕТСТВЕННОСТИ
Основное заглавие Труды Ленинградского геологического управления
Первые сведения об ответственности НКТП СССР. Глав. геол. упр.
207 #1 - ОБЛАСТЬ СПЕЦИФИЧЕСКИХ СВЕДЕНИЙ: НУМЕРАЦИЯ ПРОДОЛЖАЮЩИХСЯ РЕСУРСОВ
Нумерация: даты и обозначения томов Вып.1-23
210 ## - ПУБЛИКАЦИЯ, РАСПРОСТРАНЕНИЕ И ДР.
Место издания, распространения и т.д. М.
-- Л.
Имя издателя, распространителя и т. д. ГОНТИ
-- Ред. горно-топливной и геол.-развед. литературы
Дата издания, распространения и т.д. 1932-1941
430 #0 - ПРОДОЛЖЕН
Встроенное поле 2001#$aВып.1 (1932)-4 (1933), 7 (1934) Труды Ленинградского геолого-разведочного треста
Заглавие Вып.1 (1932)-4 (1933), 7 (1934) Труды Ленинградского геолого-разведочного треста
430 #0 - ПРОДОЛЖЕН
Встроенное поле 2001#$aВып.5 (1933) Труды Северо-Западного геолого-разведочного треста
Заглавие Вып.5 (1933) Труды Северо-Западного геолого-разведочного треста
430 #0 - ПРОДОЛЖЕН
Встроенное поле 2001#$aВып.6 (1934), 8 (1935), 9 (1935) Труды Ленинградского геолого-гидро-геодезического треста
Заглавие Вып.6 (1934), 8 (1935), 9 (1935) Труды Ленинградского геолого-гидро-геодезического треста
430 #0 - ПРОДОЛЖЕН
Встроенное поле 2001#$aВып.10 (1936)-12 (1936), 14 (1938)-18, 20 (1938) Труды Ленинградского геологического треста
Заглавие Вып.10 (1936)-12 (1936), 14 (1938)-18, 20 (1938) Труды Ленинградского геологического треста
710 02 - НАИМЕНОВАНИЕ ОРГАНИЗАЦИИ - ПЕРВИЧНАЯ ОТВЕТСТВЕННОСТЬ
Начальный элемент ввода Ленинградское геологическое управление
Код отношения Автор
801 #1 - ИСТОЧНИК ЗАПИСИ
Страна российская федерация
Организация InfoComm
Дата составления 20040412
801 #0 - ИСТОЧНИК ЗАПИСИ
Страна российская федерация
Организация NLR
Правила каталогизации PSBO
852 ## - МЕСТОНАХОЖДЕНИЕ И ШИФР ХРАНЕНИЯ
Идентификатор организации NLR
Шифр хранения (Call Number) П7/1107
Публикуемое примечание с вып. 19 (1939)
852 ## - МЕСТОНАХОЖДЕНИЕ И ШИФР ХРАНЕНИЯ
Идентификатор организации NLR
Шифр хранения (Call Number) 33-19/378
942 ## - ДОПОЛНИТЕЛЬНЫЕ ЭЛЕМЕНТЫ ЗАПИСИ (АБИС)
Тип экземпляра АБИС Продолжающееся издание
980 ## - КОЛЛЕКЦИЯ
Название коллекции Русская периодика

Нет доступных экземпляров.